Output : National bureau of economic research

Đã lưu trong:
书目详细资料
主要作者: Makin, Johon H.
格式: 图书
语言:Undetermined
出版: U.S.A. National Bureau of Economic Research 1993
主题:
标签: 添加标签
没有标签, 成为第一个标记此记录!
Thư viện lưu trữ: Trung tâm Học liệu Trường Đại học Cần Thơ
LEADER 00519nam a2200193Ia 4500
001 CTU_78845
008 210402s9999 xx 000 0 und d
082 |a 338.9 
082 |b M235 
100 |a Makin, Johon H. 
245 0 |a Output : 
245 0 |b National bureau of economic research 
245 0 |c Johon H. Makin 
260 |a U.S.A. 
260 |b National Bureau of Economic Research 
260 |c 1993 
650 |a Economic policy 
650 |z Japan 
980 |a Trung tâm Học liệu Trường Đại học Cần Thơ